Dritter Teil: mit 648 Textfiguren; Chemische Krystallographie

Podrobná bibliografie
Parent link:Chemische Krystallographie/ P. Groth. Dritter Teil.— , 1906-1910
Shrnutí:Раздельная пагинация страниц
Jazyk:němčina
Vydáno: 1910
Témata:
Médium: MixedMaterials Kniha
KOHA link:https://koha.lib.tpu.ru/cgi-bin/koha/opac-detail.pl?biblionumber=361219

MARC

LEADER 00000nam2a2200000 4500
001 361219
005 20240409155840.0
035 |a (RuTPU)RU\TPU\retro\18545 
035 |a RU\TPU\retro\18544 
090 |a 361219 
100 |a 20210531d1910 m y0gery50 ba 
101 0 |a ger 
102 |a DE 
105 |a a z 001zy 
181 0 |b  e  
182 0 |a n 
183 0 |a nc  |2 RDAcarrier 
200 0 |a Dritter Teil  |e mit 648 Textfiguren 
210 |d 1910 
215 |a IV, 804 s.  |c il. 
283 |a volume 
300 |a Раздельная пагинация страниц 
317 |5 63413507: 17145  |a Поступил в НТБ в 1921 г. по счету К. П. Гринаковского 
320 |a Alphabetisches Register: S. 773-791 
320 |a  Formelregister: S. 792-804 
320 |a Bibliographie in Referenzen 
461 1 |0 (RuTPU)RU\TPU\retro\18541  |t Chemische Krystallographie  |f P. Groth  |v Dritter Teil  |d 1906-1910 
512 |a Chemische Krystallographie  |z ger 
516 |a Chemische Krystallographie  |z ger 
541 |a Химическая кристаллография 
606 1 |a Кристаллография  |2 stltpush  |3 (RuTPU)RU\TPU\subj\16322  |9 42433 
610 1 |a химические элементы 
610 1 |a алифатические соединения 
610 1 |a гидроароматические соединения 
610 1 |a углеродные соединения 
610 1 |a Коллекция К. П. Гринаковского 
610 1 |a немецкий язык 
675 |a 548  |v 4 
801 1 |a RU  |b 63413507  |c 20210531 
801 2 |a RU  |b 63413507  |c 20210601  |g RCR 
942 |c BK